00602cam a22002291 4500001001300000003000400013005001700017008004100034010001700075035002000092040001800112042001200130050002000142100004500162245002800207260001000235300003400245500001500279504002600294600003500320999001700355sa 67002475 DLC20260227112331.0890913s1966 ii c b 000 0 telo  asa 67002475  a(OCoLC)20337314 aDLCcWaUdDLC apremarc00aDS479.1.L27bS22 aSatyanarayana Murty, Polapragada,d1929-10aLālā Lajapatirāy. c1966. aii, 97, [2] p.bport.c22 cm. aIn Telugu. aBibliography: p. [99]00aLajpat Rai,cLala,d1865-1928. c73283d73283